[Event "MK Cafe op-A"]
[Site "Koszalin"]
[Date "1997.08.05"]
[Round "4"]
[White "Kuczynski, Robert"]
[Black "Dworakowska, Joanna"]
[Result "0-1"]
[WhiteElo "2495"]
[BlackElo "2305"]

1.e4 d6 2.d4 Nf6 3.Nc3 e5 4.Nf3 Nbd7 5.Bc4 Be7 6.O-O O-O 7.a4 c6 8.Qe2 exd4
9.Nxd4 Re8 10.Ba2 Bf8 11.Qf3 Ne5 12.Qd1 a5 13.f3 Ng6 14.Re1 d5 15.exd5 Rxe1+
16.Qxe1 Bb4 17.Bg5 h6 18.Bxf6 Qxf6 19.Rd1 Nf4 20.dxc6 Bc5 21.Qe8+ Kh7 22.Qe4+ g6
23.cxb7 Bxb7 24.Qxb7 Bxd4+ 25.Kh1 Ra7 26.Qb5 Bxc3 27.bxc3 Qxc3 28.Qc4 Rd7
29.Rg1 Qd2 30.g3 Nh3 31.Rf1 Nf2+ 32.Kg1 Nd1 33.Rxd1 Qxd1+ 34.Kf2 Qd2+ 35.Kg1 Re7  0-1

[Event "BCF-ch"]
[Site "Hove"]
[Date "1997.08.06"]
[Round "3"]
[White "Law, Andrew P"]
[Black "Conquest, Stuart"]
[Result "1-0"]
[WhiteElo "2330"]
[BlackElo "2500"]

1.d4 d6 2.e4 Nf6 3.Nc3 Nbd7 4.Nf3 e5 5.Bc4 Be7 6.O-O O-O 7.Re1 b6 8.a4 a5
9.b3 Bb7 10.Bb2 c6 11.d5 Nc5 12.dxc6 Bxc6 13.Nd2 Rc8 14.Qe2 g6 15.Rad1 Nh5
16.g3 Qc7 17.Bd5 Bd7 18.Nc4 Qb8 19.Ne3 Kh8 20.Bc4 f6 21.Ned5 Bd8 22.Bc1 Ng7
23.Bh6 Nce6 24.Be3 f5 25.exf5 Nxf5 26.Bb5 Nxe3 27.fxe3 Qb7 28.Bxd7 Qxd7 29.Ne4 Rc6
30.c4 Rf5 31.Rf1 Bg5 32.Kg2 Bh6 33.g4 Rxf1 34.Rxf1 Bg7 35.Qf3 h6 36.h3 Nd8
37.Kg3 Qe6 38.h4 Rc8 39.h5 gxh5 40.gxh5 Rb8 41.Qf5 Qxf5 42.Rxf5 Nb7 43.Rf7 Nc5
44.Nxd6 e4 45.Nf5 Rf8 46.Rxf8+ Bxf8 47.Nxb6 Nxb3 48.Nd7  1-0

[Event "MK Cafe op-A"]
[Site "Koszalin"]
[Date "1997.08.06"]
[Round "5"]
[White "Kielczewski, Krzysztof"]
[Black "Erenska Radzewska, Hanna"]
[Result "0-1"]
[WhiteElo "2220"]
[BlackElo "2235"]

1.Nc3 d6 2.d4 c6 3.e4 Nf6 4.Bg5 Nbd7 5.f4 Qa5 6.Qd2 e5 7.Nf3 Be7 8.Be2 O-O
9.O-O Qc7 10.a4 a5 11.Kh1 h6 12.Bh4 Re8 13.Bg3 Nh5 14.Bc4 Nxg3+ 15.hxg3 Bf6
16.Rad1 exd4 17.Nxd4 Nc5 18.Rfe1 Bg4 19.Be2 Bd7 20.Bf3 Rad8 21.b3 Qb6 22.Nb1 Qb4
23.Qf2 Bc8 24.Kh2 Qb6 25.Re2 Na6 26.Red2 Qc5 27.c3 Qb6 28.Rb2 Nc5 29.Nf5 Bxf5
30.exf5 d5 31.Rbd2 Nd7 32.Qxb6 Nxb6 33.Rd3 Nd7 34.b4 axb4 35.cxb4 Nb6 36.a5 Nc4
37.Rc1 Be7 38.Rb3 Bd6 39.Rc2 Ne3 40.Rd2 Nf1+ 41.Kg1 Nxg3 42.b5 Bxf4 43.Rd1 Nxf5
44.a6 bxa6 45.bxc6 d4 46.Ra3 Ne3 47.Re1 Nc2 48.Rxe8+ Rxe8 49.Rxa6 g6 50.c7 Bg3
51.Nd2 Re1+ 52.Nf1 Ne3 53.Be2 Rxe2 54.Nxg3 Rxg2+ 55.Kh1 Rxg3  0-1

[Event "Budapest FS08 IM"]
[Site "Budapest"]
[Date "1997.08.09"]
[Round "8"]
[White "Antal, Gergely"]
[Black "Nezar, Mustapha"]
[Result "1/2-1/2"]
[WhiteElo "2240"]
[BlackElo "2225"]

1.e4 d6 2.d4 Nf6 3.Nc3 c6 4.Bd3 e5 5.Nge2 g6 6.O-O Bg7 7.Bg5 h6 8.Bh4 O-O
9.Kh1 Qb6 10.dxe5 dxe5 11.Qc1 Nbd7 12.h3 Re8 13.Bc4 Qc5 14.Bb3 Qe7 15.Qe3 Nc5
16.Bc4 b5 17.Bxb5 Bd7 18.Bc4 g5 19.Bg3 Nh5 20.Rad1 Be6 21.Bb3 Nf4 22.f3 h5
23.Qf2 Bf8 24.Bxf4 gxf4 25.g4 Nxb3 26.axb3 hxg4 27.hxg4 Red8 28.Rxd8 Rxd8
29.Ra1 Rd7 30.Ra6 Rc7 31.Ra1 Qc5 32.Qxc5 Bxc5 33.Ra5 Bd6 34.Nc1 f6 35.Nd3 Kf7
36.Kg2 Bc8 37.Ra1 Bf8 38.Rd1 Rd7 39.Nf2 Rxd1 40.Nfxd1 Ba6 41.Na4 Ke6 42.c4 Bc8
43.Nf2 Kd7 44.Nd3 Kc7 45.Kf2 Kb7 46.Ke2 a5 47.Kd2 Bb4+ 48.Nxb4 axb4 49.Ke2 Kc7
50.Nc5 Kd6 51.Nd3 c5 52.Kf2 Be6 53.Kg2 Bf7 54.Kh3 Be8 55.Kh4 Bg6 56.Kh3 Bf7  1/2-1/2

[Event "MK Cafe op-A"]
[Site "Koszalin"]
[Date "1997.08.09"]
[Round "8"]
[White "Milos, Gilberto"]
[Black "Dworakowska, Joanna"]
[Result "1/2-1/2"]
[WhiteElo "2590"]
[BlackElo "2305"]

1.e4 d6 2.d4 Nf6 3.Nc3 e5 4.Nf3 Nbd7 5.Bc4 Be7 6.O-O O-O 7.Re1 c6 8.a4 b6
9.d5 cxd5 10.Nxd5 Bb7 11.b3 Rc8 12.Ba3 Nxd5 13.Bxd5 Bxd5 14.exd5 f5 15.a5 bxa5
16.Bb2 Rc5 17.Ba3 Rc8 18.Bc1 Nc5 19.Bd2 a4 20.b4 Ne4 21.Rxa4 Qc7 22.b5 Qc5
23.Be3 Qxb5 24.Rxa7 Nc3 25.Qa1 Bf6 26.Ra5 Qb7 27.Bg5 Kh8 28.Qa3 Ne4 29.Bxf6 Rxf6
30.c4 Rf7 31.Ra1 h6 32.c5 Qxd5  1/2-1/2

[Event "MK Cafe op-A"]
[Site "Koszalin"]
[Date "1997.08.11"]
[Round "10"]
[White "Zezulkin, Jurij"]
[Black "Dworakowska, Joanna"]
[Result "1/2-1/2"]
[WhiteElo "2465"]
[BlackElo "2305"]

1.e4 d6 2.d4 Nf6 3.Nc3 e5 4.Nf3 Nbd7 5.Bc4 Be7 6.O-O O-O 7.dxe5 Nxe5 8.Be2 Nxf3+
9.Bxf3 Re8 10.Re1 Nd7 11.Bg4 Ne5 12.Bxc8 Qxc8 13.b3 Bf6 14.Nd5 Nf3+ 15.Qxf3 Bxa1
16.c3 f5 17.Qg3 Kh8 18.Be3 f4 19.Bxf4 Bb2 20.Re2 Ba3 21.Qh4 Bc5 22.h3 Qd7
23.Bg3 c6 24.Nf4 Bb6 25.Qh5 Kg8 26.Kh2 Re7 27.Nd3 Rae8 28.f3 Bc7 29.Kh1 Re6
30.c4 Rh6 31.Qg4 Qf7 32.Qf4 Qg6 33.Bh2 Bd8 34.Qd2 Bg5 35.f4 Bd8 36.f5 Qf7
37.Nf4 Bg5 38.Qd3 Qf6 39.Ne6 Qa1+ 40.Bg1 Rexe6 41.fxe6 Rxe6 42.c5 Rf6 43.Qc4+ Kh8
44.Qd4 Qxd4 45.Bxd4 Rf1+ 46.Kh2 Rd1 47.Bf2 dxc5 48.Bxc5 b6 49.Bf2 Kg8 50.Kg3  1/2-1/2

[Event "Schwarzach op-A"]
[Site "Schwarzach"]
[Date "1997.08.25"]
[Round "3.19"]
[White "Martin, Andreas"]
[Black "Taschner, Peter"]
[Result "1-0"]
[WhiteElo "2215"]
[BlackElo "2005"]

1.e4 d6 2.d4 Nf6 3.Nc3 c6 4.g3 Qa5 5.Bg2 e5 6.Ne2 Nbd7 7.O-O Be7 8.h3 b5
9.d5 c5 10.Qd2 Ba6 11.a3 Bd8 12.Ra2 c4 13.Qe1 Nc5 14.f4 Nfd7 15.fxe5 Nxe5
16.Nd4 Qb6 17.Be3 Bf6 18.Nce2 Bc8 19.Kh1 Rb8 20.b4 cxb3 21.cxb3 Qd8 22.Rc2 Bd7
23.Nf4 h5 24.b4 Na6 25.Nc6 Bxc6 26.dxc6 Nc4 27.Nd5 Be5 28.Bxa7 Ra8 29.Bb6 Nxb6
30.c7 Nxc7 31.Nxc7+ Ke7 32.Qf2 f6 33.Qxb6 Rxa3 34.Nd5+ Kf7 35.Qb7+ Kg6 36.Ne7+ Kh7
37.Rc8 Qxc8 38.Nxc8 Rxg3 39.Ne7 Re8 40.Nf5 Rg5 41.h4 Rg4 42.Bf3  1-0

[Event "USA-ch  sf2"]
[Site "Chandler"]
[Date "1997.09.06"]
[Round "5"]
[White "Seirawan, Yasser"]
[Black "Christiansen, Larry Mark"]
[Result "1-0"]
[WhiteElo "2630"]
[BlackElo "2550"]

1.d4 d6 2.e4 Nf6 3.Nc3 Nbd7 4.Nf3 e5 5.Bc4 Be7 6.O-O O-O 7.a4 c6 8.Re1 Qc7
9.a5 h6 10.h3 Re8 11.b3 exd4 12.Qxd4 Ne5 13.Be2 Nfd7 14.Be3 Bf6 15.Qd2 Nc5
16.Nd4 Ng6 17.f3 d5 18.exd5 Bxh3 19.Bf1 Bd7 20.b4 Na6 21.dxc6 Bxc6 22.b5 Bxf3
23.bxa6 Rad8 24.Ncb5 Qb8 25.gxf3 bxa6 26.Nc6 Rxd2 27.Nxb8 Rxc2 28.Bxa7 Rec8
29.Na3 Rb2 30.Rac1 Rxc1 31.Rxc1 Ne5 32.Rc2 Rb3 33.Nc4 Nxf3+ 34.Kg2 Nh4+ 35.Kf2 Nf5
36.Nd7 Bh4+ 37.Ke2 Ng3+ 38.Kf2 Ne4+ 39.Kg2 Rg3+ 40.Kh2 Rg6 41.Bg2 Bg3+ 42.Kg1 Bf4
43.Nce5 Rg5 44.Rc8+ Kh7 45.Nf8+ Kg8 46.Ne6+ Kh7 47.Nxg5+ Nxg5 48.Nd3 Be5
49.Nxe5 f5 50.Bd5 h5 51.Be3 f4 52.Bd2 Nh3+ 53.Kh2 Nf2 54.Bg8+ Kh8 55.Ng6+  1-0

[Event "EU-ch U20"]
[Site "Tallinn"]
[Date "1997.09.10"]
[Round "1"]
[White "Groetz, Harald"]
[Black "Ruck, Robert"]
[Result "1/2-1/2"]
[WhiteElo "2245"]
[BlackElo "2465"]

1.e4 d6 2.d4 Nf6 3.Nc3 Nbd7 4.Nf3 e5 5.Be2 c6 6.O-O Be7 7.a4 O-O 8.h3 b6
9.Be3 a6 10.Nd2 Bb7 11.f4 b5 12.axb5 cxb5 13.d5 exf4 14.Bxf4 Ne5 15.Bd3 Nfd7
16.Nf3 Nxf3+ 17.Qxf3 Bf6 18.Kh1 Ne5 19.Qe3 Rc8 20.Qd2 Re8 21.Rae1 Qe7 22.Nd1 g6
23.b3 Rc7 24.Ne3 Bc8 25.c4 Bd7 26.Be2 Rcc8 27.Ra1 bxc4 28.bxc4 Rb8 29.Rxa6 Bc8
30.Ra2 Bg7 31.Nc2 Qc7 32.Ne3  1/2-1/2

[Event "EU-ch U20"]
[Site "Tallinn"]
[Date "1997.09.12"]
[Round "3"]
[White "Rabinovich, Alexander"]
[Black "Lytchak, Alexander"]
[Result "1/2-1/2"]
[WhiteElo "2415"]
[BlackElo "2390"]

1.d4 d6 2.e4 Nf6 3.Nc3 c6 4.f3 Nbd7 5.Be3 e5 6.Nge2 b5 7.a3 Nb6 8.b3 Qc7
9.Ng3 h5 10.Bd3 h4 11.Nge2 Be7 12.O-O O-O 13.Qe1 a6 14.dxe5 dxe5 15.Qf2 Rb8
16.a4 Be6 17.axb5 axb5 18.Ra6 Nfd7 19.Rfa1 Ra8  1/2-1/2

[Event "EU-ch U20"]
[Site "Tallinn"]
[Date "1997.09.19"]
[Round "10"]
[White "Papazov, Ivajlo"]
[Black "Ruck, Robert"]
[Result "1/2-1/2"]
[WhiteElo "2240"]
[BlackElo "2465"]

1.e4 d6 2.d4 Nf6 3.Nc3 Nbd7 4.g3 e5 5.Nge2 c6 6.Bg2 b5 7.a3 Be7 8.O-O O-O
9.h3 a5 10.g4 Ba6 11.Ng3 b4 12.Nce2 d5 13.exd5 Nxd5 14.Re1 bxa3 15.bxa3 Bf6
16.g5 Bxg5 17.dxe5 Bxc1 18.Rxc1 Nxe5 19.Nd4 Nc3 20.Qd2 Nb5 21.Ngf5 Nxd4 22.Qxd4 Qxd4
23.Nxd4 Rad8 24.Rxe5 Rxd4 25.Rxa5 Bb5 26.c4 Rxc4 27.Rxc4 Bxc4 28.Bxc6 Rc8
29.Bf3 Kf8 30.Ra7 Rc5 31.a4 Bd5 32.Bxd5 Rxd5  1/2-1/2

[Event "RUS-ch (Women)"]
[Site "Elista"]
[Date "1997.09.26"]
[Round "8"]
[White "Dorofeeva, Anna"]
[Black "Kozlovskaya, Valentina"]
[Result "1-0"]
[WhiteElo "2275"]
[BlackElo "2195"]

1.e4 d6 2.d4 Nf6 3.Nc3 c6 4.f4 g6 5.Nf3 Bg7 6.Bd3 O-O 7.O-O Na6 8.a3 Nc7
9.Qe1 Nd7 10.f5 c5 11.fxg6 fxg6 12.Bc4+ e6 13.dxc5 Nxc5 14.Bg5 Qe8 15.Qh4 Rf7
16.Rad1 Qf8 17.Be3 Bf6 18.Qg3 Ne8 19.e5 Be7 20.Ng5 Bxg5 21.Qxg5 Ng7 22.Bxc5 dxc5
23.Rd8 Ne8 24.Rxf7 Qxf7 25.Bb5 Bd7 26.Rxa8 Bxb5 27.Nxb5  1-0

[Event "RUS-ch (Women)"]
[Site "Elista"]
[Date "1997.09.28"]
[Round "10"]
[White "Dorofeeva, Anna"]
[Black "Shumiakina, Tatiana"]
[Result "0-1"]
[WhiteElo "2275"]
[BlackElo "2385"]

1.e4 d6 2.d4 Nf6 3.Nc3 e5 4.Nf3 Nbd7 5.g3 g6 6.Bg2 Bg7 7.O-O O-O 8.h3 Re8
9.Re1 c6 10.Be3 b5 11.dxe5 dxe5 12.Qd6 Bb7 13.Rad1 Re6 14.Qd3 Qc7 15.g4 Nb6
16.b3 b4 17.Ne2 c5 18.Ng3 Ree8 19.c3 bxc3 20.Qxc3 Nxe4 21.Nxe4 Bxe4 22.Qxc5 Qb7
23.Nh4 Bxg2 24.Nxg2 Qf3 25.Kh2 Rac8 26.Qb5 e4 27.Nh4 Qf6 28.Ng2 h5 29.Qg5 Qxg5
30.Bxg5 hxg4 31.hxg4 Rc2 32.Rd2 Rxd2 33.Bxd2 Nd5 34.Ne3 Nf4 35.Nc4 Nd3 36.Re2 Re6
37.Be3 a6 38.Rc2 f5 39.gxf5 gxf5 40.Re2 f4 41.Ba7 f3 42.Rc2 Rh6+ 43.Kg1 Nf4
44.Be3 Ne2+ 45.Rxe2 fxe2 46.Bd2 Rg6+ 47.Kh2 Bh6 48.Be1 Bf4+ 49.Kh1 e3  0-1

[Event "ESP-ch"]
[Site "Torrevieja"]
[Date "1997.09.30"]
[Round "3"]
[White "Lopez Martinez, Jose Manuel"]
[Black "Arizmendi Martinez, Julen Luis"]
[Result "1/2-1/2"]
[WhiteElo "2255"]
[BlackElo "2470"]

1.d4 d6 2.e4 Nf6 3.Nc3 c6 4.f4 Qa5 5.Bd3 e5 6.Nf3 Bg4 7.dxe5 dxe5 8.O-O Nbd7
9.f5 Bb4 10.Qe1 Bxf3 11.Rxf3 Nc5 12.Bd2 O-O-O 13.a3 Nxd3 14.cxd3 Bc5+ 15.Kh1 Qc7
16.b4 Bb6 17.a4 Kb8 18.Rc1 Qd6 19.a5 Bd4 20.Ne2 c5 21.Nxd4 cxd4 22.Qg3 Ne8
23.Rc5 f6 24.Rf1 Qe7 25.Rfc1 Nd6 26.b5 Rc8 27.Bb4 Qd7 28.Rxc8+ Nxc8 29.Rc5 Rg8
30.Rd5 Qc7 31.Rc5 Qf7 32.Rc4 Qd7 33.Rc5 Qf7 34.Rc4 Qd7  1/2-1/2

[Event "Brazil op"]
[Site "Pouso Alegre"]
[Date "1997.10.03"]
[Round "4"]
[White "Rodrigues, Adriano Pfuhl"]
[Black "Umetsubo, Cesar"]
[Result "1-0"]
[WhiteElo "2300"]
[BlackElo "2085"]

1.e4 d6 2.d4 Nf6 3.Nc3 c6 4.a4 Qa5 5.Bd3 e5 6.Ne2 Nbd7 7.O-O Be7 8.Rb1 O-O
9.h3 Re8 10.Be3 d5 11.exd5 cxd5 12.dxe5 Nxe5 13.Bb5 Rd8 14.Nd4 Ne4 15.Nb3 Nxc3
16.Nxa5 Nxd1 17.Rfxd1 Bb4 18.Nb3 Bf5 19.Nd4 Bg6 20.f4 Nc6 21.f5 Nxd4 22.Rxd4 Bc5
23.fxg6 Bxd4 24.gxf7+ Kxf7 25.Bxd4 a6 26.Bd3 g6 27.Rf1+ Ke6 28.Rf6+ Ke7 29.Rb6 Rd7
30.Be2 h5 31.Rxg6  1-0

[Event "Bayer op"]
[Site "Leverkusen"]
[Date "1997.10.05"]
[Round "7"]
[White "Mohaupt, Sascha"]
[Black "Hermannsdoerfer, Frank"]
[Result "1/2-1/2"]
[WhiteElo "2195"]
[BlackElo "2110"]

1.e4 d6 2.d4 Nf6 3.Nc3 e5 4.dxe5 dxe5 5.Qxd8+ Kxd8 6.Bc4 Be6 7.Bxe6 fxe6
8.f3 Nc6 9.Be3 a6 10.O-O-O+ Ke8 11.Nge2 Rd8 12.Rxd8+ Kxd8 13.Rd1+ Ke8 14.Na4 b6
15.Nac3 Be7 16.Nb1 h6 17.c3 g5 18.Ng3 Rg8 19.Kd2 h5 20.Rg1 Na5 21.b3 Nb7
22.Ne2 Kf7 23.Nc1 g4 24.Nd3 Nd7 25.Ke2 Nd6 26.Nd2 Nb5 27.Nb1 Nd6 28.Nd2 Nb5  1/2-1/2

[Event "AUT-chT 9798"]
[Site "Austria"]
[Date "1997.10.13"]
[Round "2"]
[White "Freitag, Manfred"]
[Black "Schwarz, Michael"]
[Result "0-1"]
[WhiteElo "2390"]
[BlackElo "2400"]

1.e4 d6 2.d4 Nf6 3.Nc3 e5 4.Nf3 Nbd7 5.Be2 Be7 6.O-O O-O 7.Re1 c6 8.a4 Re8
9.a5 a6 10.Bf1 exd4 11.Nxd4 Nc5 12.b4 Ne6 13.Nf5 Bf8 14.Rb1 Nc7 15.Ng3 d5
16.Na4 dxe4 17.Qxd8 Rxd8 18.Nb6 Rb8 19.Bf4 Nfe8 20.Nxe4 Bf5 21.Bd3 Bxe4 22.Rxe4 Bd6
23.Bg5 f6 24.Bd2 Be5 25.Re2 Nd6 26.Kf1 Ncb5 27.f4 Bc3 28.Rbe1 Bxd2 29.Rxd2 Nc3
30.Re3 Na2 31.Re6 Nxb4 32.Rxd6 Rxd6 33.Bxh7+ Kxh7 34.Rxd6 Nxc2 35.Kf2 Nb4
36.Rd7 c5 37.g4 Nc6 38.Nc4 Rd8 39.Rxd8 Nxd8 40.Nd6 Kg8 41.Ke3 Kf8 42.Ke4 Nc6
43.Nxb7 c4 44.h4 Ke7 45.h5 f5+ 46.Kxf5 c3 47.Nc5 c2 48.Nd3 Nxa5 49.Kg6 Kf8
50.Kh7 Nb3 51.f5 Nc5 52.Nc1 Kf7 53.g5 Ne4 54.g6+ Kf8 55.h6 Nf6+ 56.Kh8  0-1

[Event "Nordic-ch VISA"]
[Site "Reykjavik"]
[Date "1997.10.14"]
[Round "6"]
[White "Westerinen, Heikki MJ"]
[Black "Gretarsson, Helgi Ass"]
[Result "1/2-1/2"]
[WhiteElo "2410"]
[BlackElo "2475"]

1.e4 d6 2.Nc3 Nf6 3.d4 e5 4.Nf3 Nbd7 5.Bc4 Be7 6.O-O O-O 7.Qe2 c6 8.a4 exd4
9.Nxd4 Re8 10.Qd1 d5 11.exd5 Nb6 12.Bb3 Nbxd5 13.Nxd5 Nxd5 14.Qf3 Bf6 15.c3 Bxd4
16.cxd4 Be6 17.Rd1 Qh4 18.Qg3 Qxg3 19.hxg3 Nb4 20.Ra3 Rad8 21.a5 Bg4 22.f3 Bf5
23.Ra4 Nd5 24.Kf2 Rd7 25.Re1 Rxe1 26.Kxe1 Re7+ 27.Kd1 Nc7 28.Bf4 Be6 29.Bc2 Nd5
30.Kd2 Rd7 31.Bb8 a6 32.Be4 Ne7 33.g4 f6 34.Ke3 g6 35.Ba7 Kf7 36.Bc5 Bd5
37.Ra1 Ke6 38.Rh1 Nc8 39.Kd3 Nd6 40.Bxd6 Kxd6 41.b4 Be6 42.Kc3  1/2-1/2

[Event "Owens Corning"]
[Site "Wrexham"]
[Date "1997.10.18"]
[Round "5"]
[White "Kinsman, Andrew PH"]
[Black "Jansa, Vlastimil"]
[Result "1-0"]
[WhiteElo "2395"]
[BlackElo "2480"]

1.d4 d6 2.e4 Nf6 3.Nc3 Nbd7 4.Nf3 e5 5.Bc4 Be7 6.O-O O-O 7.a4 c6 8.Re1 b6
9.d5 cxd5 10.Nxd5 Bb7 11.b3 Rc8 12.Re2 Rc5 13.Nc3 Qa8 14.Ba3 Nxe4 15.Nxe4 Bxe4
16.Bxc5 bxc5 17.Rd2 Nb6 18.Bf1 Bb7 19.c4 Nc8 20.Qe2 f5 21.Ne1 Bf6 22.Nc2 f4
23.Rb1 a5 24.Qg4 Be7 25.f3 Na7 26.Qe6+ Rf7 27.Bd3 g6 28.Qd7 Kg7 29.Qc7 Nc8
30.Qd7 Nb6 31.Qb5 Bc6 32.Be4 d5 33.Qxb6 dxe4 34.fxe4 Bxe4 35.Rf1 Bc6 36.Ne1 e4
37.Qc7 Bf6 38.Qd6 Bd4+ 39.Kh1 g5 40.Nc2 Bc3 41.Re2 f3 42.Re3 Bf6 43.Qxc5 Rd7
44.Kg1 h6 45.Ree1 Rd2 46.Rf2 Rd3 47.gxf3 exf3 48.Ne3 Be4 49.Nf5+ Kg6 50.Ng3 Bd4
51.Qd6+ Kf7 52.Qc7+ Kg6 53.Kf1 Bxf2 54.Rxe4 Bd4 55.Qd6+  1-0

[Event "Loures"]
[Site "Loures"]
[Date "1997.10.27"]
[Round "7"]
[White "Glavina, Pablo"]
[Black "Charneira, Hermenegildo"]
[Result "1-0"]
[WhiteElo "2395"]
[BlackElo "2205"]

1.d4 d6 2.e4 Nf6 3.Nc3 Nbd7 4.f4 c5 5.e5 cxd4 6.Qxd4 Ng4 7.Nf3 dxe5 8.fxe5 h5
9.e6 fxe6 10.Bd3 Nde5 11.Bb5+ Nc6 12.Qe4 Qb6 13.Rf1 Bd7 14.h3 Nf6 15.Qg6+ Kd8
16.Bg5 Kc7 17.Bf4+ Kc8 18.O-O-O e5 19.Bxc6 bxc6 20.Nxe5 Be6 21.Qd3 g5 22.Na4 Qb5
23.Qxb5 cxb5 24.Nc5 Bxh3 25.gxh3 gxf4 26.Nf7 Rh7 27.Rd8+ Kc7 28.Rxa8 Rxf7
29.Rxf8  1-0

[Event "Bahn-chT S+W"]
[Site "Friedrichroda"]
[Date "1997.10.30"]
[Round "6.3"]
[White "Schoeler, Helmut"]
[Black "Walther, Alexander"]
[Result "1/2-1/2"]
[WhiteElo "1957"]
[BlackElo "1650"]

1.e4 d6 2.d4 Nf6 3.Nc3 c6 4.Nf3 g6 5.h3 Bg7 6.Be2 O-O 7.O-O Nbd7 8.Bf4 Nh5
9.Bh2 e5 10.dxe5 dxe5 11.Qd6 Qf6 12.Rad1 Qxd6 13.Rxd6 Re8 14.Rfd1 Nhf6 15.Bc4 Bf8
16.R6d3 h6 17.a3 a5 18.a4 Bb4 19.Re3 Bxc3 20.Rxc3 Kg7 21.Re3 Nh7 22.Rd6 f6
23.Nd2 Nhf8 24.Nb3 Nb6 25.Be2  1/2-1/2

[Event "WchT 4th"]
[Site "Luzern"]
[Date "1997.10.31"]
[Round "7"]
[White "Christiansen, Larry Mark"]
[Black "Ekstroem, Roland"]
[Result "1-0"]
[WhiteElo "2550"]
[BlackElo "2475"]

1.e4 d6 2.d4 Nf6 3.Nc3 e5 4.Nf3 Nbd7 5.Bc4 Be7 6.O-O O-O 7.a4 c6 8.Re1 b6
9.h3 a6 10.Bg5 Bb7 11.Bb3 Nh5 12.Be3 g6 13.Qd2 Qc7 14.Bh6 Ng7 15.Bg5 Rfe8
16.Rad1 Rad8 17.Bxe7 Rxe7 18.Qh6 Nf8 19.Re3 exd4 20.Rxd4 c5 21.Rd1 c4 22.Ba2 b5
23.axb5 axb5 24.Qg5 d5 25.exd5 Rxe3 26.Qxe3 Nf5 27.Qg5 h6 28.Qc1 Qa5 29.Bb1 Qb6
30.b4 g5 31.Qd2 Ng6 32.Re1 Nf4 33.Re5 Bc8 34.h4 f6 35.Re4 Bd7 36.hxg5 hxg5
37.Ne2 Nxe2+ 38.Rxe2 g4 39.Nh2 g3 40.Ng4 gxf2+ 41.Rxf2 Kg7 42.c3 Rh8 43.Bxf5 Bxf5
44.Qf4 Bxg4 45.Qxg4+ Kf7 46.Qd7+ Kg6 47.Qf5+ Kg7 48.g3 Qd6 49.Rf4 Rh6 50.Rg4+ Kf7
51.Kg2 Qe7 52.Re4 Qd6 53.Re6 Qd8 54.Rc6 Rg6 55.Qe6+ Kg7 56.Rc8  1-0

[Event "Hellir op"]
[Site "Reykjavik"]
[Date "1997.10.31"]
[Round "8"]
[White "Hector, Jonny"]
[Black "Bezold, Michael"]
[Result "1-0"]
[WhiteElo "2470"]
[BlackElo "2490"]

1.e4 d6 2.d4 Nf6 3.Nc3 e5 4.f4 exd4 5.Qxd4 Be7 6.Nf3 O-O 7.Bd3 a6 8.b3 Nc6
9.Qf2 d5 10.e5 Ng4 11.Qe2 Bc5 12.Nd1 f6 13.h3 Nh6 14.Be3 Bxe3 15.Nxe3 fxe5
16.Nxd5 Kh8 17.c4 exf4 18.O-O Bf5 19.Rad1 Qd6 20.Qf2 Rad8 21.Bxf5 Nxf5 22.Ng5 Ncd4
23.Rxd4 Nxd4 24.Qxd4 c6 25.Qe4 Qh6 26.Qe7 Qg6 27.Rxf4 Rfe8 28.Nf7+ Kg8 29.Nxd8 cxd5
30.Ne6 h6 31.Rf8+  1-0

[Event "AUT-chT3 9798"]
[Site "Vorarlberg "]
[Date "1997.10.31"]
[Round "3"]
[White "Scheffknecht, Philipp"]
[Black "Mrsic, Robert"]
[Result "0-1"]
[WhiteElo "1770"]
[BlackElo "1960"]

1.e4 d6 2.d4 Nf6 3.Nc3 c6 4.a4 Qa5 5.Bd2 Qc7 6.Bd3 e5 7.Nge2 Be7 8.O-O O-O
9.Kh1 Na6 10.f3 Nb4 11.Nb5 cxb5 12.Bxb4 a5 13.Bd2 bxa4 14.Rxa4 Bd7 15.Ra2 b5
16.Qa1 a4 17.d5 Qc5 18.b3 Nh5 19.bxa4 bxa4 20.Rb1 f5 21.Bb4 Qe3 22.Nc3 Ng3+
23.hxg3 Rf6 24.Re1 Rh6+  0-1

[Event "AUT-chT3 9798"]
[Site "Vorarlberg "]
[Date "1997.10.31"]
[Round "3"]
[White "Hillgarter, Christoph"]
[Black "Laske, Erich"]
[Result "0-1"]
[WhiteElo "1993"]
[BlackElo "2025"]

1.e4 d6 2.d4 Nf6 3.Nc3 c6 4.Nf3 Bg4 5.Bd3 e5 6.dxe5 dxe5 7.h3 Bxf3 8.Qxf3 Nbd7
9.O-O Be7 10.Be3 O-O 11.Ne2 Nc5 12.Rfd1 Qc7 13.c3 Rfd8 14.Bc2 a5 15.Ng3 Nfd7
16.Nf5 Bf8 17.Qg3 Kh8 18.Qf3 Ne6 19.Rd2 Ndc5 20.Rad1 Rxd2 21.Rxd2 Rd8 22.Qd1 Rxd2
23.Qxd2 b5 24.Ng3 a4 25.b3 h6 26.Qd1 axb3 27.axb3 Nf4 28.Ne2 Nce6 29.Qd2 g5
30.Ng3 c5 31.Nf5 b4 32.Kh2 bxc3 33.Qxc3 Ne2 34.Qd3 N2d4 35.Bxd4 cxd4 36.Bd1 Qc1
37.Bh5 Nf4 38.Qd1 Qc6 39.Bxf7 Qxe4 40.Qg4 Qb7 41.Bc4 Kh7 42.g3 Qg2+  0-1

[Event "Budapest FS11 IM-A"]
[Site "Budapest"]
[Date "1997.11.05"]
[Round "4"]
[White "Tindall, Brett"]
[Black "Francsics, Endre"]
[Result "1/2-1/2"]
[WhiteElo "2190"]
[BlackElo "2245"]

1.e4 d6 2.d4 Nf6 3.Nc3 c6 4.Nf3 Qc7 5.Be2 e5 6.d5 Be7 7.O-O O-O 8.Bg5 Nbd7
9.Re1 Qb6 10.h3 h6 11.Be3 Qd8 12.Bf1 cxd5 13.Nxd5 Nxd5 14.Qxd5 Nb6 15.Qd2 Be6
16.b3 Rc8 17.a4 Qc7 18.c4 Nd7 19.b4 a5 20.Rab1 f5 21.exf5 Bxc4 22.Rec1 d5
23.Bxc4 dxc4 24.Qd5+ Kh7 25.bxa5 Nc5 26.Rxc4 e4 27.Bxc5 Bxc5 28.Rbc1 exf3
29.Rxc5 Rcd8 30.Qxf3 Qd7 31.Rb1 Qxa4 32.Qb3 Qe4 33.Qb6 Rxf5 34.Rxf5 Qxf5
35.Qxb7 Qxa5 36.Qe4+ Kh8 37.Qg6 Rf8 38.Qg3 Qd5 39.Re1 Qc5 40.Rf1 Qd5 41.Rb1 Qa8
42.Rc1 Qd5 43.Rc7 Qb3 44.Qe3 Qa4 45.Kh2 Rf6  1/2-1/2

[Event "AUT-chT2O 9798"]
[Site "Austria"]
[Date "1997.11.07"]
[Round "1"]
[White "Lau, Ralf"]
[Black "Brandner, Stefan"]
[Result "0-1"]
[WhiteElo "2495"]
[BlackElo "2295"]

1.e4 d6 2.d4 Nf6 3.Nc3 e5 4.Nge2 Nbd7 5.g3 c6 6.a4 a5 7.Bg2 Be7 8.O-O h5
9.h3 Nh7 10.f4 h4 11.g4 exf4 12.Nxf4 O-O 13.Be3 Bg5 14.Qd2 b6 15.Rae1 Ba6
16.Rf2 Re8 17.Bf1 Bxf1 18.Rfxf1 Ndf6 19.Qg2 b5 20.axb5 cxb5 21.Nfd5 Bxe3+
22.Rxe3 b4 23.Nxf6+ Nxf6 24.Ne2 a4 25.Qf3 a3 26.bxa3 bxa3 27.Nc1 a2 28.Nb3 Re7
29.e5 dxe5 30.dxe5 Nh7 31.Rd1 Rd7 32.Ra1 Ng5 33.Qe2 Ne6 34.Kh2 Nc5 35.Qg2 Nxb3
36.cxb3 Rd2 37.Re2 Rxe2 38.Qxe2 Qa5 39.Kh1 Qd5+ 40.Qg2 Qa5 41.Qc6 Rd8 42.e6 fxe6
43.Qxe6+ Kh8 44.Qe7 Qa8+ 45.Kg1 Rd2 46.Qxh4+ Kg8 47.Qg3 Rb2  0-1

[Event "AUT-chT2O 9798"]
[Site "Austria"]
[Date "1997.11.07"]
[Round "1"]
[White "Stummer, Walter"]
[Black "Hangweyrer, Manfred"]
[Result "0-1"]
[WhiteElo "2135"]
[BlackElo "2385"]

1.e4 d6 2.d4 Nf6 3.Nc3 c6 4.Nf3 Bg4 5.Be2 e6 6.O-O Be7 7.Ng5 Bxe2 8.Qxe2 O-O
9.Be3 d5 10.e5 Nfd7 11.f4 c5 12.Qh5 Bxg5 13.fxg5 cxd4 14.Bxd4 Nc6 15.Be3 Ne7
16.g4 Nxe5 17.Bd4 N7c6 18.Bc5 Re8 19.Rad1 Qa5 20.b4 Nxb4 21.Bd4 Nbc6 22.g6 hxg6  0-1

[Event "Budapest FS11 IM-A"]
[Site "Budapest"]
[Date "1997.11.08"]
[Round "7"]
[White "Le Thi Phuong Lien"]
[Black "Francsics, Endre"]
[Result "1/2-1/2"]
[WhiteElo "2265"]
[BlackElo "2245"]

1.e4 d6 2.d4 Nf6 3.Nc3 c6 4.f4 Qc7 5.Nf3 Bg4 6.Bd3 Nbd7 7.Be3 e5 8.h3 Bxf3
9.Qxf3 b5 10.O-O Be7 11.a3 O-O 12.Rae1 a5 13.Nd1 Rab8 14.g4 exd4 15.Bxd4 c5
16.Bf2 c4 17.Be2 Nc5 18.Bxc5 Qxc5+ 19.Kh2 d5 20.Nc3 dxe4 21.Nxe4 Nxe4 22.Qxe4 Bd6
23.Bf3 c3 24.b4 axb4 25.axb4 Qxb4 26.Qxb4 Bxb4 27.Kg3 Bd6 28.Rd1 Rb6 29.g5 b4
30.Bd5 Re8 31.Rd3 Re2 32.Bb3 Kf8 33.Rfd1 Bc7 34.Kf3 Re7 35.Ra1 f6 36.Ra8+ Rb8
37.Rxb8+ Bxb8 38.Rd8+ Re8 39.Rxe8+ Kxe8 40.gxf6 gxf6 41.Ke4 Kf8 42.Kf5  1/2-1/2

[Event "AUT-chT2O 9798"]
[Site "Austria"]
[Date "1997.11.09"]
[Round "3"]
[White "Sandhu, Mario"]
[Black "Trauner, Rudolf"]
[Result "1/2-1/2"]
[WhiteElo "2195"]
[BlackElo "2285"]

1.e4 c6 2.d4 d6 3.Nc3 Nf6 4.f4 Bg4 5.Nf3 e6 6.h3 Bxf3 7.Qxf3 d5 8.e5 Nfd7
9.Be3 Qb6 10.O-O-O Na6 11.a3 O-O-O 12.Qf2 Kb8 13.Qd2 c5 14.dxc5 Bxc5 15.Bxc5 Ndxc5
16.Qd4 Rc8 17.Be2 Rc6 18.Kb1 Rhc8 19.Bb5 R6c7 20.b4 Na4 21.Bxa4 Rxc3 22.Qxb6 axb6
23.Rd3 R3c4 24.Rf1 Re4 25.Rff3 Rc7 26.Rde3 Rcc4 27.g3 Kc8 28.Bb5 Rxe3 29.Rxe3 Rc7
30.Kb2 Kd8 31.g4 Nb8 32.Bd3 h6 33.h4 Ke7 34.Rg3 Nc6 35.g5 hxg5 36.Rxg5 Kf8
37.Rh5 Kg8 38.Bh7+ Kf8 39.Bd3 Kg8 40.Bh7+ Kf8 41.Bd3  1/2-1/2

[Event "Budapest FS11 IM-A"]
[Site "Budapest"]
[Date "1997.11.10"]
[Round "9"]
[White "Farago, Sandor"]
[Black "Francsics, Endre"]
[Result "0-1"]
[WhiteElo "2330"]
[BlackElo "2245"]

1.e4 d6 2.d4 Nf6 3.Nc3 c6 4.f3 Nbd7 5.Be3 e5 6.Qd2 b5 7.a4 b4 8.Nce2 a5 9.Nh3 Be7
10.Nf2 Ba6 11.Nd3 c5 12.dxc5 dxc5 13.Ng3 c4 14.Nf2 g6 15.Be2 Bc5 16.O-O Qb6
17.Bxc5 Qxc5 18.Rfd1 Rc8 19.Qh6 Rc6 20.c3 Ke7 21.Nf1 Rcc8 22.Ne3 Nb6 23.Kf1 Bb7
24.Nfg4 Nh5 25.g3 f6 26.Rd2 Bc6 27.Rad1 Bxa4 28.Nd5+ Nxd5 29.Rxd5 Bxd1 30.Rxc5 Bxe2+
31.Kxe2 Rxc5 32.f4 bxc3 33.bxc3 a4 34.fxe5 fxe5 35.Ne3 a3 36.Nd5+ Kf7 37.Qc1 Ra8
38.Nb4 a2 39.Qa1 Nf6 40.Kf3 Rb5 41.Nxa2 Kg7 42.g4 Rba5 43.g5 Nh5 44.Qd1 Rxa2
45.Qd7+ Kh8 46.Qc7 Ng7 47.Qxe5 Re8 48.Qc7 Rc2 49.Qxc4 Rxh2 50.Kg4 Rg2+ 51.Kh4 Rg1
52.Qe2 Nf5+ 53.Kh3 Rg3+ 54.Kh2 Re3 55.Qa6 R3xe4 56.c4 Re2+ 57.Kg1 Rc2 58.Qa1+ Ng7
59.Qf1 Rc8 60.Qf7 R2xc4 61.Kf2 R4c5 62.Qe7 Rf5+ 63.Kg2 Re8  0-1